00750ncm a22002055a 4500001001100000005001700011008004100028080001600069100003500085245005900120254002300179260004500202300003400247490006900281500002400350500011600374500002600490650001700516852001100533C00011476c20241029143126.0950810s1891 ddrsyb n 1 ger d a785.1.082.11 aSchumann, Robert (d1810-1856)10aSymphonie nº 2 C dur, op. 61 / cvon Robert Schumann. a[Kleine Partitur]. aLeipzig : bErnst Eulenburg, c[d. 1891] aPartitura (224 p.) ; c19 cm.0 aEuelnburg's kleine Orchester Partitur Ausgabe. Symphonien ; v21 aN. pl. : E.E. 3621. aFecha de publicación tomada de "The new Grove dictionary of music and musicians", vol. 6, Stanley Sadie 1980. aLegado Pérez Casas. aSinfonías.4 jM-2389